00779cam a22002411 4500001001300000003000400013005001700017008004100034010001700075035001900092040005100111042001200162050001500174100003800189245009900227260004400326300001700370440004400387500004200431504003200473650001700505999001500522agr21000143 DLC20260227110941.0760330s1920 fr 000 0dfre c aagr21000143  a(OCoLC)2080658 aLibrary, U. S. Dept. of Agriculture.cAzUdDLC apremarc00aQL365b.S71 aSpallanzani, Lazzaro,d1729-1799.10aObservations et experiences faites sur les animalcules des infusions.cPar Lazare Spallanzani. aParis,bGauthier-Villars et cie,c1920. a2 v.c18 cm. 4aLes maitres de la pensée scientifique a"Notice biographique": p. [vii]-viii. aBibliographical foot-notes. 0aAnimalcules. c8707d8707